| 000 | 00325nam a22001217a 4500 | ||
|---|---|---|---|
| 999 |
_c16702 _d16702 |
||
| 003 | ASAB | ||
| 005 | 20170418112551.0 | ||
| 008 | 131217t xxu||||| |||| 00| 0 eng d | ||
| 020 | _a0-00-616817-5 | ||
| 040 | _cASAB | ||
| 082 | _aFic Christie | ||
| 100 |
_aAgatha Christie _9431 |
||
| 245 |
_aThe adventure of the christmas pudding _cby Agatha Christie |
||
| 246 | _aThe adventure of the christmas pudding | ||
| 260 |
_aGreat Britain _bWilliam Collins sons & Co. Ltd, Glasgow. _c1960 |
||
| 300 | _a224 P | ||
| 942 |
_2ddc _cBK |
||